A csodaszarvas mondája a bizánci íróknál

Elmentve itt :
Bibliográfiai részletek
Szerző: Moravcsik Gyula
Dokumentumtípus: Cikk
Megjelent: Budapesti Philologiai Társaság Budapest 1914
Sorozat:Egyetemes philologiai közlöny
Kulcsszavak:Monda - magyar őstörténet, Szakirodalmi források - monda
Tárgyszavak:
Online Access:http://misc.bibl.u-szeged.hu/63805
LEADER 00865nab a2200229 i 4500
001 misc63805
005 20230602151234.0
008 230418s1914 hu o 0|| hun d
040 |a SZTE Miscellanea Repozitórium  |b hun 
041 |a hun 
100 1 |a Moravcsik Gyula 
245 1 2 |a A csodaszarvas mondája a bizánci íróknál  |h [elektronikus dokumentum] /  |c  Moravcsik Gyula 
260 |a Budapesti Philologiai Társaság  |b Budapest  |c 1914 
300 |a 20 p.  |c 24 cm 
490 0 |a Egyetemes philologiai közlöny 
561 |a Németh Gyula hagyaték 
591 |a NOA 3836; B 10467 
650 4 |a Bölcsészettudományok 
650 4 |a Történettudomány és régészet 
650 4 |a Nyelvek és irodalom 
695 |a Monda - magyar őstörténet, Szakirodalmi források - monda 
856 4 0 |u http://misc.bibl.u-szeged.hu/63805/1/3836_noa.pdf  |z Dokumentum-elérés